00550nam a22001577a 4500003000400000008004100004020001800045082001800063100002400081245009200105260005600197300001600253650008800269700001600357700001900373OSt260630b |||||||| |||| 00| 0 eng d a9789353874124 a631.585bG13H aGaikwad, Dinkar J  aHydroponics The Future of Agriculture/ by Dinkar J Gaikwad, Santosh DT and Sagar Maitra aDelhi : b Satish Serial Publishing House, c2026. avii, 201 p. a Technology (Applied Sciences) | Agriculture and Related Technologies | Hydroponics aSantosh DT  aMaitra, Sagar